00423nam a2200097Ia 4500001000400000008004100004082002400045100009500069245011300164260004800277259241024s9999 xx 000 0 und d aRD/577.7/R426i/2005 aRepública Dominicana.Secretaria de Estado de Educación.Cooperación Técnica Alemana 0aInforme sobre monitoreo a las acciones de las escuelas involucradas al programa Gestión Recursos Naturales bDepartamento de Educación Ambientalc2005